000 00700nam a2200205 i 4500
001 167981
003 ES-MaACL
005 20230906213639.0
008 040729s1874 gw |||| | eng d
040 _aCAM
_bspa
_cCAM
100 1 _aWood, Ellen Price.
_9133960
245 1 0 _aJohnny Ludlow.
260 _aLeipzig :
_bBernhard Taucnitz,
_c1874.
300 _a2 v. (367 ; 344 p.) ;
_c16 cm.
490 1 _aCollection of british authors ;
_v1411 ; 1412
594 _aEncabezamiento tomado de la BNF.
830 0 _aCollection of british authors ;
_v1411 ; 1412
_9180703
852 _aES-MaACL
_jG-13120
_z-- Enc. hol., conservando las cubs. originales
_z-- Enc. 2 t. en 1 v.
999 _c167981
_d167981